Sports Quiz

Random Sports or NFL Quiz

Hall of Fame NFL/AFL #1 Draft Picks Quiz Stats

 Plays Quiz not verified by Sporcle

Score 0/13 Timer 04:00
0 Plays Today
Year Drafted Player % Correct
1983John Elway
95.2%
1989Troy Aikman
85.2%
1969O.J. Simpson
73.2%
1985Bruce Smith
73.2%
1970Terry Bradshaw
70.3%
1978Earl Campbell
68.4%
1957Paul Hornung
44%
1976Lee Roy Selmon
41.6%
1949Chuck Bednarik
33.5%
1968Ron Yary
26.3%
1963*Buck Buchanan
16.7%
1945Charley Trippi
10%
1942Bill Dudley
9.1%

You're not logged in!

Compare scores with friends on all Sporcle quizzes.
OR
Log In

Show Comments

Extras

Top Quizzes Today


Score Distribution

Your Account Isn't Verified!

In order to create a playlist on Sporcle, you need to verify the email address you used during registration. Go to your Sporcle Settings to finish the process.

Report this User

Report this user for behavior that violates our Community Guidelines.

Details: